<?xml version="1.0" encoding="UTF-8"?>
<record
    xmlns:xsi="http://www.w3.org/2001/XMLSchema-instance"
    xsi:schemaLocation="http://www.loc.gov/MARC21/slim http://www.loc.gov/standards/marcxml/schema/MARC21slim.xsd"
    xmlns="http://www.loc.gov/MARC21/slim">

  <leader>02073    a2200241   4500</leader>
  <controlfield tag="001">36309</controlfield>
  <controlfield tag="005">20260407155639.0</controlfield>
  <controlfield tag="008">260407a1989    arg                 spa d</controlfield>
  <controlfield tag="003">AR-UNSa-BCEJYS</controlfield>
  <datafield tag="040" ind1=" " ind2=" ">
    <subfield code="a">AR-UNSa-BCEJYS</subfield>
    <subfield code="b">spa</subfield>
    <subfield code="c">AR-UNSa-BCEJYS</subfield>
  </datafield>
  <datafield tag="080" ind1=" " ind2=" ">
    <subfield code="a">658</subfield>
    <subfield code="x">Administraci&#xF3;n de empresas. Organizaci&#xF3;n comercial</subfield>
  </datafield>
  <datafield tag="245" ind1="1" ind2="0">
    <subfield code="a">C&#xF3;mo hacen los que hacen</subfield>
  </datafield>
  <datafield tag="020" ind1=" " ind2=" ">
    <subfield code="a">950-9109-51-7</subfield>
  </datafield>
  <datafield tag="250" ind1=" " ind2=" ">
    <subfield code="a">6a. ed.</subfield>
  </datafield>
  <datafield tag="264" ind1=" " ind2="1">
    <subfield code="a">Buenos Aires :</subfield>
    <subfield code="b">Tesis</subfield>
    <subfield code="c">1989</subfield>
  </datafield>
  <datafield tag="300" ind1=" " ind2=" ">
    <subfield code="a">272 p.</subfield>
    <subfield code="c">25 cm.</subfield>
  </datafield>
  <datafield tag="505" ind1=" " ind2=" ">
    <subfield code="a">I. Escenario: la noche - 2. El dia - II. La empresa: 1. El trabajo empresario - 2. Las palancas de comando - 3. Las cinco claves - III. M&#xED;stica: 1. Credo - 2. H&#xE9;roes - 3. C&#xF3;mo nace una cultura - 4. Las reglas del juego - 5. Razones para el cambio cultural - 6. El programa de cambio cultural - 7. Riesgo cultural - 8. Cultura fuego  - IV. Compettitividad: 1. Alerta roja - 2. Algo especial - 3. Rivalidad - 4. La m&#xE1;quina del valor - 6. Los costos - 7. Posicionamiento - 8. &#xBF;Ciclo de vida del  producto o de la ventaja competitiva? - 9. Concentraciones y fragmentaciones - 10. M&#xE1;s sobre competitividad - v. Estabilidad: 1. Riesgo por concentraci&#xF3;n - 2. Riesgo por dispaci&#xF3;n - 3. Equilibrio - 4. Misi&#xF3;n - 5. Negocios atractivos - 6. A medida - 7. Construyendo la cartera - 8. Recapitulemos - VI. Organizaci&#xF3;n :  1. La estructura - 2. Los sistemas - 3. Los procesos gerenciales - 5. Los m&#xFA;ltiples sombreros - VII. Flexibilidad: 1. Campo de fuerzas - 2. El impacto del entorno - 3. Misi&#xF3;n -Empresa - 4. El portafolio de negocios - 5. El posicionamiento de productos - 6. La organizaci&#xF3;n - 7. La log&#xED;stica - 8. La producci&#xF3;n - 9. El marketing - 10. Las finanzas - 11. La cultura - VIII. Los cimientos del crecimieto: 1. Usando las claves - 2. Cras y cecas de la rentabilidad - 3. El flujo de fondos - 4. Asiganado recursos - 5. Juntando los extremos - 6. Adecuando la empresa - IX. El desegue: 1. Ganando altura.</subfield>
  </datafield>
  <datafield tag="041" ind1=" " ind2=" ">
    <subfield code="a">spa</subfield>
  </datafield>
  <datafield tag="942" ind1=" " ind2=" ">
    <subfield code="c">BK</subfield>
  </datafield>
  <datafield tag="590" ind1=" " ind2=" ">
    <subfield code="a">niveau_biblio:m niveau_hierar:0</subfield>
  </datafield>
  <datafield tag="100" ind1="1" ind2=" ">
    <subfield code="a">Levy, Alberto R.</subfield>
  </datafield>
  <datafield tag="700" ind1="1" ind2=" ">
    <subfield code="a">Wilensky, Alberto L.</subfield>
  </datafield>
  <datafield tag="999" ind1=" " ind2=" ">
    <subfield code="c">2635</subfield>
    <subfield code="d">2635</subfield>
  </datafield>
  <datafield tag="952" ind1=" " ind2=" ">
    <subfield code="0">0</subfield>
    <subfield code="1">0</subfield>
    <subfield code="4">0</subfield>
    <subfield code="7">0</subfield>
    <subfield code="a">BCEJYS</subfield>
    <subfield code="b">BCEJYS</subfield>
    <subfield code="c">16</subfield>
    <subfield code="d">2026-04-07</subfield>
    <subfield code="l">0</subfield>
    <subfield code="o">658 L668</subfield>
    <subfield code="p">L53135</subfield>
    <subfield code="r">2026-04-07 15:56:39</subfield>
    <subfield code="w">2026-04-07</subfield>
    <subfield code="y">L</subfield>
  </datafield>
  <datafield tag="952" ind1=" " ind2=" ">
    <subfield code="0">0</subfield>
    <subfield code="1">0</subfield>
    <subfield code="4">0</subfield>
    <subfield code="7">0</subfield>
    <subfield code="a">BCEJYS</subfield>
    <subfield code="b">BCEJYS</subfield>
    <subfield code="c">16</subfield>
    <subfield code="d">2026-04-07</subfield>
    <subfield code="l">0</subfield>
    <subfield code="o">658 L668</subfield>
    <subfield code="p">L53391</subfield>
    <subfield code="r">2026-04-07 15:56:39</subfield>
    <subfield code="w">2026-04-07</subfield>
    <subfield code="y">L</subfield>
  </datafield>
  <datafield tag="952" ind1=" " ind2=" ">
    <subfield code="0">0</subfield>
    <subfield code="1">0</subfield>
    <subfield code="4">0</subfield>
    <subfield code="7">0</subfield>
    <subfield code="a">BCEJYS</subfield>
    <subfield code="b">BCEJYS</subfield>
    <subfield code="c">16</subfield>
    <subfield code="d">2026-04-07</subfield>
    <subfield code="l">0</subfield>
    <subfield code="o">658 L668</subfield>
    <subfield code="p">L45583</subfield>
    <subfield code="r">2026-04-07 15:56:39</subfield>
    <subfield code="w">2026-04-07</subfield>
    <subfield code="y">L</subfield>
  </datafield>
</record>
